Central-Library-PUMHS

Online Public Access Catalogue

Welcome to PUMHS Central Library Nawabshah, SBA

Kozier and ERBS Fundamental of Nursing (Vol-2) (Record no. 37792)

000 -LEADER
fixed length control field 00260nam a22001217a 4500
082 ## - DEWEY DECIMAL CLASSIFICATION NUMBER
Classification number 610.73 BER
100 ## - MAIN ENTRY--AUTHOR NAME
Personal name Berman Audrey
245 ## - TITLE STATEMENT
Title Kozier and ERBS Fundamental of Nursing (Vol-2)
260 ## - PUBLICATION, DISTRIBUTION, ETC. (IMPRINT)
Year of publication 2024
300 ## - PHYSICAL DESCRIPTION
Number of Pages 729
650 ## - SUBJECT ADDED ENTRY--TOPICAL TERM
Topical Term Nursing
942 ## - ADDED ENTRY ELEMENTS (KOHA)
Koha item type Books
Holdings
Withdrawn status Lost status Permanent Location Current Location Shelving location Date acquired Source of acquisition Cost, normal purchase price Full call number Accession Number Koha item type
    Central Library New Campus PUMHS Nawabshah,(SBA) Central Library New Campus PUMHS Nawabshah,(SBA) Nursing Library 2026-02-28 M/S Noble Bill: 101 /N.N.B Date:5-6-25 1395.00 610.73 BER 41014 Ref Books

Copyright © 2018,The PUMHSW, Nawabshah, Shaheed Benazirabad. All rights reserved
Mr. Abdul Sattar Mahar (Chief Librarian) PUMHSW, Nawabshah, Sindh, Pakistan 67480.
Ph#: | 0244-9370425 Ext. 2241 Email| librarian@pumhs.edu.pk Web| http://www.pumhs.edu.pk
سنڌي ڪي بورڊ